Central Library OPAC University of Rajshahi
Normal view MARC view

Entry Personal Name

Number of records used in: 5

001 - CONTROL NUMBER

  • control field: 5800

003 - CONTROL NUMBER IDENTIFIER

  • control field: BD-RjUL

005 - DATE AND TIME OF LATEST TRANSACTION

  • control field: 20221112130002.0

008 - FIXED-LENGTH DATA ELEMENTS

  • fixed length control field: 221112|| aca||aabn | a|a d

040 ## - CATALOGING SOURCE

  • Original cataloging agency: BD-RjUL
  • Transcribing agency: BD-RjUL

100 ## - HEADING--PERSONAL NAME

  • Geographic subdivision: literature urdu

670 ## - SOURCE DATA FOUND

  • Source citation: Work cat.: (BD-RjUL)39058: هاشمي نصير الدين # # Nasir-Uddin-Hashmi 234574, دكن می اردو ## Deccan Mein Urdu (Urdu Text) /, 2002